Riziká a stabilita v bankových sektoroch: porovnanie Číny a eurozóny počas finančnej krízy bakalárska práca

Guardado en:
Detalles Bibliográficos
Autor principal: Dedíková, Bibiana
Autor Corporativo: Národohospodárska fakulta EU. Katedra bankovníctva a medzinárodných financií
Otros Autores: Horváth, David, 1992-
Formato: Libro
Lenguaje:eslovaco
Publicado: Bratislava 2025
Etiquetas: Agregar Etiqueta
Sin Etiquetas, Sea el primero en etiquetar este registro!

MARC

LEADER 00000nbm a2200000 4500
001 0309230
005 20251003142322.3
041 0 |a slo 
044 |a SK 
245 1 0 |a Riziká a stabilita v bankových sektoroch: porovnanie Číny a eurozóny počas finančnej krízy  |b bakalárska práca  |c Bibiana Dedíková ; školiteľ: David Horváth 
264 1 |a Bratislava  |c 2025 
300 |a 46 s. 
100 1 |a Dedíková, Bibiana 
700 1 |a Horváth, David, 1992- 
710 2 |a Národohospodárska fakulta EU. Katedra bankovníctva a medzinárodných financií